Blooms' biocritiques: Robert Frost (Record no. 970)

MARC details
000 -LEADER
fixed length control field 00486 a2200181 4500
001 - CONTROL NUMBER
control field 066980
003 - CONTROL NUMBER IDENTIFIER
control field OSt
005 - DATE AND TIME OF LATEST TRANSACTION
control field 20211025112329.0
008 - FIXED-LENGTH DATA ELEMENTS--GENERAL INFORMATION
fixed length control field
082 ## - DEWEY DECIMAL CLASSIFICATION NUMBER
Classification number 821.912
Item number R54R
245 1# - TITLE STATEMENT
Title Blooms' biocritiques: Robert Frost
Statement of responsibility, etc edited by Harold Bloom
260 ## - PUBLICATION, DISTRIBUTION, ETC. (IMPRINT)
Place of publication, distribution, etc Philadelphia
Name of publisher, distributor, etc Chelsea House
Date of publication, distribution, etc 2002
300 ## - PHYSICAL DESCRIPTION
Extent 110p.
630 ## - SUBJECT ADDED ENTRY--UNIFORM TITLE
Uniform title English
690 ## - LOCAL SUBJECT ADDED ENTRY--TOPICAL TERM (OCLC, RLIN)
Topical term or geographic name as entry element Frost, Robert, 1874-1963; Examinations
700 ## - ADDED ENTRY--PERSONAL NAME
Personal name Bloom, Harold
Relator term Editor
942 ## - ADDED ENTRY ELEMENTS (KOHA)
Source of classification or shelving scheme Dewey Decimal Classification
Koha item type Books
Holdings
Withdrawn status Lost status Source of classification or shelving scheme Damaged status Not for loan Collection code Home library Current library Date acquired Source of acquisition Cost, normal purchase price Total Checkouts Full call number Barcode Date last seen Date checked out Price effective from Koha item type
    Dewey Decimal Classification     General Text Book Central University Of Rajasthan Central University Of Rajasthan 07/03/2012 ENG 245.00 1 821.912 R54R 1266 22/08/2025 12/08/2025 02/09/2020 Books